000 01036nam a22001697a 4500
003 SGT
020 _a9788177582284
082 _a657,TUL
100 _aTULSIAN,P.C
245 _aFINANCIAL ACCOUNTING
250 _a1ST
260 _aNEW DELHI
_bPEARSON
_c2013
300 _aV.P.
650 _aMANAGEMENT ACCOUNTING
653 _a1. INTRODUCTION TO ACCOUNTING 2. GENERALLY ACCEPTED ACCOUNTING PRINCIPLES 3. ACCOUNTING STANDARDS 4. ACCOUNTING POLICIES 5. ACCOUNTING EQUATIONS 6. JOURNALIZING, POSTING AND BALANCING 7. SUBSIDIARY BOOKS I: CASH BOOK 8. SUBSIDIARY BOOKS II: OTHER BOOKS 9. FINANCIAL STATEMENTS 10. FINANCIAL STATEMENTS OF NOT-FOR-PROFIT ORGANIZATION 11. DEPRECIATION, PROVISIONS AND RESERVES 12. VALUATION OF INVENTORY 13. ACCOUNTING FOR PARTNERSHIP: DISSOLUTION OF A FIRM 14. PARTNERSHIP: INSOLVENCY, PIECEMEAL DISTRIBUTION, SALE OF A FIRM, AND AMALGAMATION OF FIRMS 15. ACCOUNTS FROM INCOMPLETE RECORDS 16. ACCOUNTING FOR HIRE PURCHASE 17. ACCOUNTING FOR BRANCHES 18. USE OF COMPUTERS IN ACCOUNTIN
942 _2ddc
_cFCM
_04
999 _c9267
_d9267